000 00622nam a2200229Ia 4500
003 BUBTL
008 151213s9999 xx 000 0 und d
020 _a521542758
082 _a425/ R1181e/ 2004
100 _aRadford, Andrew
_94792
245 _aEnglish Syntax An introduction :
_cAndrew Radford
250 _a1st
260 _aU.K.
_bCambridge Universitty Press
_cc2004
300 _a384p. :
_b23 cm
500 _aIncludes Index
650 0 _aEnglish Language
_9194
650 _a
700 _aAndrew Radford
_94793
856 _k0
_l0
_yDownload
942 _2ddc
_cBK
999 _c3049
_d3049